Good night, Lord : (Record no. 3153)

MARC details
000 -LEADER
fixed length control field 01213cam a22003014a 4500
001 - CONTROL NUMBER
control field 11847474
003 - CONTROL NUMBER IDENTIFIER
control field GBCCL
005 - DATE AND TIME OF LATEST TRANSACTION
control field 20241126110448.0
008 - FIXED-LENGTH DATA ELEMENTS--GENERAL INFORMATION
fixed length control field 991122s2000 cau b 000 0 eng
010 ## -
-- 99059085
020 ## - INTERNATIONAL STANDARD BOOK NUMBER
International Standard Book Number 0830725237
040 ## - CATALOGING SOURCE
Original cataloging agency DLC
Transcribing agency DLC
Modifying agency DLC
042 ## -
-- pcc
050 00 -
-- BV4527
-- .S4245 2000
082 00 - DEWEY DECIMAL CLASSIFICATION NUMBER
Classification number 242.643
Edition information 21
Item number SHE
100 1# - MAIN ENTRY--PERSONAL NAME
Personal name Sherrer, Quin.
9 (RLIN) 5744
245 10 - TITLE STATEMENT
Title Good night, Lord :
Remainder of title inspiration for the end of the day /
Statement of responsibility, etc. Quin Sherrer.
260 ## - PUBLICATION, DISTRIBUTION, ETC.
Place of publication, distribution, etc. Ventura, Calif. :
Name of publisher, distributor, etc. Regal Books,
Date of publication, distribution, etc. c2000.
300 ## - PHYSICAL DESCRIPTION
Extent 245 p. ;
Dimensions 22 cm.
504 ## - BIBLIOGRAPHY, ETC. NOTE
Bibliography, etc. note Includes bibliographical references.
650 #0 - SUBJECT ADDED ENTRY--TOPICAL TERM
Topical term or geographic name entry element Christian women
General subdivision Religious life.
9 (RLIN) 3732
650 #0 - SUBJECT ADDED ENTRY--TOPICAL TERM
Topical term or geographic name entry element Women
Form subdivision Prayers and devotions.
9 (RLIN) 5903
856 42 - ELECTRONIC LOCATION AND ACCESS
Materials specified Contributor biographical information
Uniform Resource Identifier <a href="http://www.loc.gov/catdir/enhancements/fy1401/99059085-b.html">http://www.loc.gov/catdir/enhancements/fy1401/99059085-b.html</a>
856 42 - ELECTRONIC LOCATION AND ACCESS
Materials specified Publisher description
Uniform Resource Identifier <a href="http://www.loc.gov/catdir/enhancements/fy1401/99059085-d.html">http://www.loc.gov/catdir/enhancements/fy1401/99059085-d.html</a>
906 ## - LOCAL DATA ELEMENT F, LDF (RLIN)
a 7
b cbc
c orignew
d 1
e ocip
f 19
g y-gencatlg
942 ## - ADDED ENTRY ELEMENTS (KOHA)
Source of classification or shelving scheme Dewey Decimal Classification
Koha item type Books
Holdings
Withdrawn status Lost status Source of classification or shelving scheme Damaged status Not for loan Home library Current Library Shelving location Date acquired Total checkouts Full call number Barcode Date last seen Copy number Price effective from Koha item type
    Dewey Decimal Classification     GRACE BIBLE COLLEGE GRACE BIBLE COLLEGE Ministry & Mission 2017-11-10   242.643 SHE 008585 2025-05-01 c.2 2017-11-10 Books
    Dewey Decimal Classification     GRACE BIBLE COLLEGE GRACE BIBLE COLLEGE Ministry & Mission 2017-11-20   242.643 SHE 008584 2025-05-01 c.1 2017-11-20 Books
© Grace Bible College Library 2025